Pravidla juda : Platná od 1. 5. 1967 /

Hlavní autor: Pikhart, Ladislav
Další autoři: Reysser, Jan
Jazyk: Čeština
Vydáno: Praha : Olympia, 1968
Témata:
Fyzický popis: 56 s.
Knihy
Uloženo v:
LEADER 00766nam a22002172a 4500
001 000276920
003 CZ BrMZK
005 20110720143606.0
007 ta
008 950407s1968 xr f cze d
040 |a BOA001  |b cze 
100 1 |a Pikhart, Ladislav  |7 mzk2011650616  |4 aut 
245 1 0 |a Pravidla juda :  |b Platná od 1. 5. 1967 /  |c zprac. Ladislav Pikhart a Jan Reysser 
260 |a Praha :  |b Olympia,  |c 1968 
300 |a 56 s. 
700 1 |a Reysser, Jan  |4 aut 
910 |a BOA001  |b PK-A-0006.953-68  |b 1-0596.755 
964 |a Judo - pravidla 
990 |a BK 
996 7 |b 2619477110  |c 1-0596.755  |l MZK  |r Sklad / do 1 hodiny  |n 0  |w 000276920  |u 000020  |a 1  |e BOA001  |j MZK50  |s A 
996 7 |b 3119975737  |c PK-A-0006.953-68  |l MZK  |r Sklad / do 1 hodiny  |n 0  |w 000276920  |u 000010  |a 1  |e BOA001  |j MZK50  |s A